000 00551nam a2200193Ia 4500
001 955
003 GE_BSU
008 181216s||||||||xx |||||||||||||| ||und||
040 _cGE_BSU
080 _a821.161.1.09
245 _aИз истории руссих литературных отношений XVIII-XXВеков
260 _aМ-Л
260 _bАкад.наук СССР
260 _c1959
300 _a442 с.
541 _h10 л.
653 _aИстории русских литературных отношений
942 _cBK
999 _c35114
_d35114